Statistieken voor Grootste plaatsen in Nederland binnen 10km

Klik hier om de quiz te nemen!

Algemene statistieken

  • Deze quiz is 2.098 keer genomen
    (2.096 sinds de laatste reset)
  • De gemiddelde score is 53 van 139

Antwoorden op de kaart

Antwoorden kleurgecodeerd door een groen-rode schaal op de quizkaart volgens % correct hieronder.
Laden...
 

Antwoordstatistieken

Antwoord% Correct
Amsterdam
97%
Rotterdam
94%
Den Haag
94%
Groningen
93%
Utrecht
91%
Maastricht
91%
Leeuwarden
87%
Eindhoven
86%
Lelystad
84%
Almere
83%
Middelburg
82%
Zwolle
81%
Breda
81%
's-Hertogenbosch
81%
Den Helder
80%
Tilburg
80%
Assen
79%
Haarlem
79%
Arnhem
79%
Venlo
78%
Nijmegen
78%
Enschede
76%
Alkmaar
76%
Leiden
72%
Apeldoorn
72%
Amersfoort
67%
Heerenveen
67%
Emmen
66%
Almelo
66%
Dordrecht
61%
Urk
60%
Hilversum
60%
Sneek
59%
Gouda
59%
Heerlen
58%
Roermond
58%
Roosendaal
57%
Deventer
56%
Terneuzen
55%
Hoorn
54%
Sittard
54%
Goes
52%
Emmeloord
51%
Venray
51%
Delfzijl
50%
Harderwijk
50%
Enkhuizen
50%
Oss
49%
Bergen op Zoom
49%
Doetinchem
49%
Harlingen
49%
Ede
47%
Meppel
44%
Weert
43%
Hoogeveen
43%
Zoetermeer
43%
Helmond
40%
Winterswijk
39%
Drachten
39%
West-Terschelling
39%
Purmerend
38%
Zutphen
38%
Dronten
38%
Alphen aan den Rijn
37%
Tiel
36%
Kampen
36%
Den Burg
35%
Dokkum
34%
Valkenburg
34%
Vaals
34%
Veendam
32%
Stadskanaal
31%
Coevorden
30%
Woerden
30%
Waalwijk
29%
Schiermonnikoog
29%
Zierikzee
26%
Gorinchem
25%
Steenwijk
24%
Barneveld
24%
Epe
23%
Baarle-Nassau
23%
Beverwijk
22%
Uden
22%
Lemmer
22%
Schagen
22%
Hardenberg
21%
Nunspeet
21%
Winschoten
21%
Hulst
21%
Bolsward
20%
Medemblik
19%
Cuijk
18%
Dieren
18%
Oost-Vlieland
18%
Hoogezand
17%
Raalte
17%
Zaltbommel
16%
Beilen
16%
Hollum
16%
Zevenaar
16%
Ter Apel
16%
Boxmeer
16%
Wolvega
15%
Hellevoetsluis
15%
Rijssen
14%
Dalfsen
14%
Roden
13%
Lochem
13%
Haaksbergen
13%
Zundert
12%
Yerseke
11%
Workum
11%
Leerdam
11%
Nieuweschans
11%
Ouddorp
11%
Zuidhorn
10%
Buitenpost
10%
Grou
10%
Wieringerwerf
10%
Burgh-Haamstede
9%
Lichtenvoorde
9%
Balk
9%
Tubbergen
9%
Schoonhoven
8%
Oosterwolde
8%
Burgum
8%
Dedemsvaart
8%
Uithuizen
8%
Otterlo
7%
Genemuiden
7%
's-Gravenzande
7%
Anjum
7%
Reusel
6%
Gorredijk
6%
Gieten
6%
Uddel
5%
Vlagtwedde
5%
Leens
5%

Scoreverdeling

Percentiel versus Aantal Correcte Antwoorden

Procent van Mensen met Elke Score

Uw Scoregeschiedenis

U heeft deze quiz nog niet genomen sinds de laatste reset